|
|
|
|
| LEADER |
00633nta a2200169 i 4500 |
| 001 |
dipl4420 |
| 005 |
20130314073441.0 |
| 008 |
110622s2002 hu om 0|| zxx d |
| 040 |
|
|
|a SZTE Diploma Repozitórium
|b hun
|
| 041 |
|
|
|a zxx
|
| 100 |
1 |
|
|a Forgács László
|
| 245 |
1 |
2 |
|a A magyar agrárpolitika és agrártámogatási rendszerek az európai uniós csatlakozás küszöbén
|h [elektronikus dokumentum] /
|c László Forgács
|
| 260 |
|
|
|c 2002
|
| 650 |
|
4 |
|a Gazdaságtudományok
|
| 700 |
1 |
|
|a Horváth Ferenc
|e ths
|
| 700 |
0 |
1 |
|a Grósz László
|e aut
|
| 856 |
4 |
0 |
|u http://diploma.bibl.u-szeged.hu/id/eprint/4420/1/szakdolgozat.pdf
|z Dokumentum-elérés
|